|
|
|
|
| LEADER |
00752cam a2200229 7i4500 |
| 001 |
0000036948 |
| 005 |
20221018090000.0 |
| 008 |
220914t2022 eng |
| 020 |
# |
# |
|a 9781637740637
|
| 040 |
# |
# |
|a MATR
|
| 090 |
0 |
0 |
|a B 658.45
|b FED
|
| 100 |
1 |
# |
|a Federman, Brad
|e author
|
| 245 |
1 |
0 |
|a CULTIVATING CULTURE :
|b 101 Ways to Foster Engagement in 15 Minutes or Less
|c Brad Federman.
|
| 264 |
# |
1 |
|a Dallas:
|b BenBella Books,
|c 2022.
|
| 300 |
# |
# |
|a xi, 210 pages ;
|c 22 cm.
|
| 336 |
# |
# |
|a text
|2 rdacontent
|
| 337 |
# |
# |
|a unmediated
|2 rdamedia
|
| 338 |
# |
# |
|a volume
|2 rdacarrier
|
| 650 |
# |
0 |
|a Communication in management
|
| 650 |
# |
0 |
|a Corporate culture
|
| 650 |
# |
0 |
|a Teams in the workplace
|
| 999 |
|
|
|a B000041928
|b Book
|c Book
|e Business Information Centre
|